[Event "GER-chT U14 Girls"]
[Site "Neumuenster"]
[Date "2018.12.30"]
[Round "7.4"]
[White "Stephan, Lia"]
[Black "Nanthivarman, Merymuthu"]
[Result "1-0"]
[WhiteElo "1098"]
[BlackElo "1202"]
[PlyCount "111"]
[EventDate "2018.12.27"]
[EventType "team-swiss"]
[EventRounds "7"]
[EventCountry "GER"]
[SourceTitle "CBM 188 Extra"]
[Source "ChessBase"]
[SourceDate "2019.02.26"]
[SourceVersion "1"]
[SourceVersionDate "2019.02.26"]
[SourceQuality "1"]
[WhiteTeam "Stadtilm Blau Weiss"]
[BlackTeam "Baden-Baden"]
[WhiteTeamCountry "GER"]
[BlackTeamCountry "GER"]

1. e4 c5 2. Nc3 Nc6 3. Nge2 g6 4. g3 Bg7 5. Bg2 e6 6. h4 f5 7. d3 Qc7 8. Be3 d6 9. Nf4 Bxc3+ 10. bxc3 Nge7 11. h5 e5 12. Nd5 Nxd5 13. exd5 Ne7 14. hxg6 Nxg6 15. Qh5 Qf7 16. f4 Qe7 17. 0-0-0 Kd8 18. fxe5 Qxe5 19. Bd2 Qxg3 20. Qg5+ Qxg5 21. Bxg5+ Kc7 22. Kd2 Bd7 23. Rhe1 h5 24. Bh3 f4 25. Rh1 Bxh3 26. Rxh3 Rae8 27. Rf1 Re5 28. Bf6 Re3 29. Rxe3 fxe3+ 30. Kxe3 Rf8 31. Ke2 Rf7 32. Bd8+ Kxd8 33. Rxf7 Ke8 34. Rh7 Nf4+ 35. Kf3 Nxd5 36. c4 Ne7 37. Rxh5 Nc6 38. c3 Kd8 39. Rh7 Kc8 40. Ke4 a5 41. Kd5 Kb8 42. Kxd6 Ka7 43. a4 Ka6 44. Kd5 Nd8 45. Kxc5 Ka7 46. d4 Ne6+ 47. Kd6 Ng5 48. Rg7 Ne4+ 49. Kd7 Nxc3 50. d5 Nxa4 51. d6 Nc5+ 52. Kc8 a4 53. Rg3 Ne4 54. d7 Nxg3 55. d8Q a3 56. Qa5# 1-0

[Event "GER-chT U14 Girls"]
[Site "Neumuenster"]
[Date "2018.12.27"]
[Round "2.4"]
[White "Eisele, Lea Carolin"]
[Black "Nanthivarman, Merymuthu"]
[Result "0-1"]
[WhiteElo "930"]
[BlackElo "1202"]
[PlyCount "74"]
[EventDate "2018.12.27"]
[EventType "team-swiss"]
[EventRounds "7"]
[EventCountry "GER"]
[SourceTitle "CBM 188 Extra"]
[Source "ChessBase"]
[SourceDate "2019.02.26"]
[SourceVersion "1"]
[SourceVersionDate "2019.02.26"]
[SourceQuality "1"]
[WhiteTeam "Sasbach"]
[BlackTeam "Baden-Baden"]
[WhiteTeamCountry "GER"]
[BlackTeamCountry "GER"]

1. e4 c5 2. Nf3 Nc6 3. d4 cxd4 4. Nxd4 g6 5. Nc3 Nf6 6. Be3 Bg7 7. Qd2 Ng4 8. Nf3 Nxe3 9. Qxe3 0-0 10. Bc4 Nd4 11. Qd3 Nc6 12. 0-0-0 d6 13. g4 Ne5 14. Qe2 b6 15. h4 Nxc4 16. Qxc4 Be6 17. Qa4 Rc8 18. Rd3 a5 19. h5 Rc4 20. Qb5 Rc5 21. Qa4 Rc4 22. Qb5 Rc5 23. Qa4 b5 24. Nxb5 Bd7 25. Qb3 a4 26. Qxa4 Bxb5 27. Qb3 Bc4 28. Qa3 Rb5 29. Re3 Bxb2+ 30. Qxb2 Rxb2 31. Kxb2 Qb6+ 32. Kc3 Qxe3+ 33. Kxc4 Qxf3 34. Rg1 Qxe4+ 35. Kc3 Rc8+ 36. Kd2 Rxc2+ 37. Kd1 Qe2# 0-1